=LDR 00000nam 2200000 4500 =001 INLIS000000000032776 =005 20130612134753 =008 ***********************************ind** =035 ##$$a0010-061300000032776 =041 ##$$a ind =082 ##$$a 658 =090 ##$$a 658, Har d =100 ##$$a Harrison, Thomas L =245 ##$$a The DNA Of Succes, Manfaatkan DNA Entrepreneutial Untuk Keberhasilan Bisnis, Thomas L. Harrison, Mary H. Frakes;Penerjemah,Mursid Widjonarko =260 ##$$a 2008 $b Bandung =300 ##$$a 396 hlm, Ilus, 23,5 cm =650 ##$$a Bisnis =700 ##$$a Frakes, Mary H =850 ##$$a NBPNMAT =990 ##$$a 0001/BPAP-NTB/20142014